Visual studio 2013 and. NET 4.5 expert Cookbook: Over 30 recipes to successfully mix the powerful capabilities of visual studio 2013 with.NET 4.5 / Abhishek Sur (Registro nro. 28461)
[ vista simple ]
| 000 -LÍDER | |
|---|---|
| fixed length control field | 00518nam a2200145 4500 |
| 020 ## - NÚMERO INTERNACIONAL NORMALIZADO PARA LIBROS | |
| ISBN | 978-1-84968-972-4 |
| 050 ## - SIGNATURA TOPOGRAFICA DE LA BIBLIOTECA DEL CONGRESO (LC) | |
| Número de Clasificación | TK5105.8885 S8 2014 |
| 082 ## - NUMERO DE CLASIFICACION DECIMAL DEWEY | |
| Número de Clasificación | 006.786 S961v 2014 |
| 100 ## - ASIENTO PRINCIPAL--NOMBRE PERSONAL | |
| Nombre personal | Sur, Abhishek |
| 245 ## - TÍTULO | |
| Título | Visual studio 2013 and. NET 4.5 expert Cookbook: Over 30 recipes to successfully mix the powerful capabilities of visual studio 2013 with.NET 4.5 / Abhishek Sur |
| 250 ## - MENCIÓN DE EDICIÓN | |
| Mención de edición | 2 |
| 260 ## - PUBLICACIÓN, DISTRIBUCIÓN, ETC. (PIE DE IMPRENTA) | |
| Lugar de publicación, distribución, etc. | Birmingham : Packt |
| 300 ## - DESCRIPCIÓN FÍSICA | |
| Extensión | 293p. / 23.5cm. |
| 650 ## - ASIENTO SECUNDARIO DE MATERIA - TERMINO TEMÁTICO | |
| Término temático o nombre geográfico como elemento de entrada | 1. VISUAL ESTUDIO \ 2. NET. 4.5 EXPERTO COOKBBOOK |
| No. biblioteca | No. biblioteca | Número de clasificación | Código de barras/Número de adquisición | Número de copia | Tipo de material |
|---|---|---|---|---|---|
| ÁREA DE SISTEMAS COMPUTACIONALES | ÁREA DE SISTEMAS COMPUTACIONALES | 006.786 S961v 2014 | 53115 | 1 | Libros |
| ÁREA DE SISTEMAS COMPUTACIONALES | ÁREA DE SISTEMAS COMPUTACIONALES | 006.786 S961v 2014 | 53116 | 2 | Libros |
| ÁREA DE SISTEMAS COMPUTACIONALES | ÁREA DE SISTEMAS COMPUTACIONALES | 006.786 S961v 2014 | 53117 | 3 | Libros |
